01018nas a2200289 4500001001000000003000900010005001700019007000300036008003400039040005400073041000900127072000800136100002000144100002100164100002500185100001800210100001900228100002500247245009100272650001500363650002000378773009600398909004000494942001800534999001900552952015700571BR0901337BR-BrBNA20231205113206.0ta230509b bl.|||p| |||| 00| 00por d aBR-BrBNAbporcBiblioteca Nacional de Agricultura a(Pt) aL501 aRibeiro, S.M.R.1 aQueiroz, J.H. de1 aPelúzo, M. do C.G.1 aCosta, N.M.B.1 aMatta, L.P. da1 aQueiroz, M.E.L.R. de1 aA formação e os efeitos das espécies reativas de oxigênio no meio biológico. aOXIGÊNIO aBIOLOGIA ANIMAL0 tBioscience Journal (Brazil)xISSN 1516-3725g(Sep-Dec 2005), v. 21(3) p. 133-149wBR0901337 a202311bLúciac55dLúcia Elande 2AGRISn0cANA c202383d202383 002AGRIS4071a41918b41918cPeriódicos Agrícolash(Sep-Dec 2005), v. 21(3) p. 133-149l0r2023-11-29t01yCRePortaria Interministerial nº 164/94